00265nam a2200097Ia 4500008004100000082001800041100001600059245005500075260002800130300000900158210430s9999 xx 000 0 und d a370.78 K881 M aLokesh koul aMethodology of educational Research /cLokesh koul aNew DelhibShimlac2007 a543p